Godzilla Movies by Era - Statistics

General Stats
  • This quiz has been taken 25 times
  • The average score is 29 of 40
Answer Stats
Year Answer % Correct
1954 Godzilla
100%
1998 Godzilla
100%
2014 Godzilla
100%
1955 Godzilla Raids Again
90%
1992 Godzilla vs. Mothra
86%
1962 King Kong vs. Godzilla
86%
2023 Godzilla Minus One
81%
1974 Godzilla vs. Mechagodzilla
81%
1993 Godzilla vs. Mechagodzilla II
81%
2003 Godzilla: Tokyo S.O.S.
76%
1989 Godzilla vs. Biollante
76%
1972 Godzilla vs. Gigan
76%
2021 Godzilla vs. Kong
76%
1973 Godzilla vs. Megalon
76%
2016 Shin Godzilla
76%
1975 Terror of Mechagodzilla
76%
1968 Destroy All Monsters
71%
1966 Ebirah, Horror of the Deep
71%
2004 Godzilla: Final Wars
71%
2001 Godzilla, Mothra and King Ghidorah:Giant Monsters All-Out Attack
71%
1995 Godzilla vs. Destoroyah
71%
1971 Godzilla vs. Hedorah
71%
1994 Godzilla vs. SpaceGodzilla
71%
2024 Godzilla x Kong: The New Empire
71%
1965 Invasion of Astro-Monster
71%
1967 Son of Godzilla
71%
Ghidorah, the Three-Headed Monster
67%
1999 Godzilla 2000: Millennium
67%
2019 Godzilla: King of the Monsters
67%
2026 Godzilla Minus Zero
67%
1964 Mothra vs. Godzilla
67%
1984 The Return of Godzilla
67%
1969 All Monsters Attack
62%
1991 Godzilla vs. King Ghidorah
57%
2027 Godzilla x Kong: Supernova
57%
2002 Godzilla Against Mechagodzilla
52%
2000 Godzilla vs. Megaguirus
52%
2018 Godzilla: City on the Edge of Battle
48%
2017 Godzilla: Planet of the Monsters
48%
Godzilla: The Planet Eater
48%
No matching quizzes found
Score Distribution
Percent of People with Each Score
Percentile by Number Answered
Your Score History
You have not taken this quiz